000 00341nam a22001457a 4500
020 _a 978-8123906607
041 _aENG
100 _aGupta .V.P
245 _aFluid Mechanics,Fluid Machines And Hydraulics
250 _a3rd ED
260 _aNew Delhi
_bCBS Publishers
_c1992
300 _a1194
650 _aIDE
856 _uIDE ( 18 )
999 _c1492
_d1492